[Event "Mittelfranken-ch QT 51st"]
[Site "Zirndorf"]
[Date "2002.??.??"]
[Round "2"]
[White "Schoenberger, Rudolf"]
[Black "Ringler, Claus"]
[Result "1-0"]
[WhiteElo "1687"]
[BlackElo "1350"]
[PlyCount "53"]
[EventDate "2002.03.27"]
[EventType "swiss"]
[EventRounds "7"]
[EventCountry "GER"]
[SourceTitle "EXT 2015"]
[Source "ChessBase"]
[SourceDate "2014.11.20"]
[SourceVersion "1"]
[SourceVersionDate "2014.11.20"]
[SourceQuality "1"]

1. e4 e6 2. d4 d5 3. exd5 exd5 4. Bd3 Bd6 5. Nf3 Ne7 6. 0-0 0-0 7. h3 Bf5 8. Nc3 Bb4 9. Bg5 Bxc3 10. Bxf5 f6 11. Be6+ Kh8 12. bxc3 fxg5 13. Nxg5 Qe8 14. Bg4 Na6 15. Re1 h6 16. Nf3 c6 17. Nh4 Qf7 18. Qd2 Nc7 19. Rxe7 Qf6 20. Rxc7 Qxh4 21. Re1 Rf6 22. Rce7 Raf8 23. R1e2 Rxf2 24. Rxf2 Qxe7 25. Rxf8+ Qxf8 26. Qe3 Qa3 27. Qe8+ 1-0

[Event "Mittelfranken-ch QT 49th"]
[Site "Ansbach"]
[Date "2000.??.??"]
[Round "6"]
[White "Schoenberger, Rudolf"]
[Black "Ruemler, Stefan"]
[Result "1-0"]
[WhiteElo "1640"]
[BlackElo "1538"]
[PlyCount "61"]
[EventDate "2000.04.19"]
[EventType "swiss"]
[EventRounds "7"]
[EventCountry "GER"]
[SourceTitle "EXT 2015"]
[Source "ChessBase"]
[SourceDate "2014.11.20"]
[SourceVersion "1"]
[SourceVersionDate "2014.11.20"]
[SourceQuality "1"]

1. e4 c5 2. Nf3 d6 3. d4 cxd4 4. Nxd4 Nf6 5. Nc3 g6 6. Be3 Bg7 7. f3 0-0 8. Bc4 Nc6 9. a3 a6 10. Qd2 Qc7 11. Nxc6 bxc6 12. g4 Rd8 13. Qf2 c5 14. h4 Nxg4 15. fxg4 Bxg4 16. Qxf7+ Kh8 17. Nd5 Qb7 18. Bb3 c4 19. Nxe7 Rf8 20. Nxg6+ hxg6 21. Qxb7 Bxb2 22. Rb1 Bc3+ 23. Bd2 Bd4 24. Rh2 Be5 25. Rg2 Bh5 26. Bxc4 Bf6 27. Rg5 Bd4 28. Rxh5+ gxh5 29. Qd5 Bf2+ 30. Ke2 Bxh4 31. Qxh5+ 1-0